000 01803nam a2200277 a 4500
001 000000827
005 20200929145422.0
008 090527s2002 sp 000 0 spa d
020 _a8449315492
020 _a9788449315497
040 _aDO-SdBNP
_bspa
_cBNPHU
082 _a327.1273
_bJ35h
100 1 _aJeffreys-Jones, Rhodri
_92898
245 1 0 _aHistoria de los servicios secretos norteamericanos /
_cRhodri Jeffreys-Jones ; traducción Mara Pino Moreno.
260 _aBarcelona :
_bPaidós,
_c2002.
300 _a392 p. ;
_c24 cm.
490 0 _aPaidós historia contemporanea ;
_v016
500 _aTítulo original en inglés: Cloak and dollar
500 _aIncluye bibliografía y notas al pie de las páginas
500 _aIncluye índice analítico y de nombres
505 0 _aMirando hacia atrás con terror: prólogo de la segunda edición -- Prólogo -- Abreviaturas de las notas -- El espía norteamericano como estafador -- El estilo de Washington -- El legado de Allan Pinkerton -- ¿Desmanteló Wilkie la red de espionaje de Montreal? -- U-1: la agencia que nadie conocía -- Burns, Hoover y el desarrollo de la tradición del FBI -- H.O. Yardley: el héroe traidor -- Pearl Harbor en la historia del servicio de inteligencia -- La propaganda de lo superfluo: Will Bill Donovan y la OSS -- Allen Dulles y la CIA -- Cuba, Vietnam y el interludio retórico -- ¿Reformó el senador Church el servicio de inteligencia? -- La era Casey-Reagan: de la historia a la victoria -- ¿el verdadero siglo americano? -- Bibliografía -- Índice analítico y de nombres.
650 4 _aServicio de inteligencia
_zEstados Unidos
_92899
650 4 _aServicio secreto
_zEstados Unidos
_yHISTORIA
_92900
700 1 _aPino Moreno, Mara,
_etr.
_92901
830 0 _aPaidós historia contemporanea
_n016
_92902
999 _c823
_d823